00449nam a2200157Ia 4500003000400000008004100004040001600045082001800061100002400079245008400103300001100187490000500198650002800203650003000231650003000261GCL140319s9999 xx 000 0 ara d aGCL / cGCL04a813.03bم ا1 aمحمود دياب10aاحزان مدينة طفل فى الحى العربى / cمحمود دياب a277 ص a04aالادب العربى04aالقصة العربية04aالقصة الطويلة